Click the Charley Crockett Song Title Ending - Statistics

General Stats
  • This quiz has been taken 35 times
  • The average score is 16 of 28
Answer Stats
Hint Answer % Correct
Paint it Blue
93%
I Am Not Afraid
79%
Welcome to Hard Times
72%
$10 Cowboy
69%
The Man from Waco
69%
Silver Dagger
66%
Jamestown Ferry
66%
Killers of the Flower Moon
66%
Lesson in Depression
62%
In the Night
62%
I'm Just a Clown
59%
Visions of Dallas
59%
Trinity River
59%
Tom Turkey
59%
Cowboy Candy
55%
Avoiding Mirrors
55%
Solitary Road
55%
Blackjack County Chain
52%
If Not the Fool
52%
July Jackson
48%
Goin' Back to Texas
48%
Honky Tonk Man
45%
Hey Mr. Nashville
45%
City of Roses
45%
Music City USA
45%
Tecumseh Valley
45%
Lonesome as a Shadow
34%
Between my House and Town
34%
No matching quizzes found
Score Distribution
Percent of People with Each Score
Percentile by Number Answered
Your Score History
You have not taken this quiz